Peep Show Quiz 5 - Statistics

General Stats
  • This quiz has been taken 407 times
  • The average score is 8 of 15
Answer Stats
Hint Answer % Correct
What item of Mark’s is the burglar wearing? Watch
82%
What type of sausage does Jez steal from Mark’s plate? Cumberland
77%
What drink is added to wine to make it Irish? Whisky
77%
What type of cheese does dobby bring into work? Cheddar
72%
What is the name of Jez and Super Hans’ manager? Cally
61%
Not the TV! It’s __________ HD ready
61%
Jez buys a guitar once played by who? Sir Paul McCartney
57%
What is the name of the centre Jez and Hans sign up to? The New Wellness Centre
56%
Dobby and Mark have an awkward session where? Stationary Cupboard
53%
Who always finds Jez at his lowest point? Elgar
52%
Where does Jez’s mum want to buy a house? Corfu
45%
What wine costs £45? Barolo
38%
What do Super Hans and Jez send Barney to the shop for? McCoys, Ribena and a Twirl
27%
What festival do Jez and Super Hans think they’re playing? The Wolverhampton Festivus
26%
What does Super Hans think will cure Barney’s trip? Can of Coke
21%
No matching quizzes found
Score Distribution
Percent of People with Each Score
Percentile by Number Answered
Your Score History
You have not taken this quiz